[Event "Ghent Taminco op 38th"]
[Site "Ghent"]
[Date "2015.07.18"]
[Round "2"]
[White "De Vos, Clemens"]
[Black "Michiels, Bart"]
[Result "0-1"]
[WhiteElo "2041"]
[BlackElo "2533"]
[PlyCount "78"]
[EventDate "2015.07.18"]
[EventType "swiss"]
[EventRounds "9"]
[EventCountry "BEL"]
[SourceTitle "CBM 167 Extra"]
[Source "ChessBase"]
[SourceDate "2015.09.14"]
[SourceVersion "1"]
[SourceVersionDate "2015.09.14"]
[SourceQuality "1"]

1. d4 d5 2. c4 c6 3. Nf3 Nf6 4. Nc3 e6 5. Bg5 Nbd7 6. e3 Qa5 7. Nd2 dxc4 8. Bxf6 Nxf6 9. Bxc4 Be7 10. 0-0 0-0 11. Nf3 Rd8 12. Qe2 c5 13. Rad1 a6 14. Ne5 Qc7 15. a4 b6 16. f4 Bd6 17. Ba2 Bb7 18. Bb1 g6 19. Qf2 Bf8 20. Kh1 Bg7 21. Qh4 cxd4 22. exd4 Rd6 23. Ba2 Rad8 24. f5 gxf5 25. Rxf5 exf5 26. Nxf7 Nd5 27. Nxd6 Qxd6 28. Re1 Kh8 29. Re6 Qf8 30. h3 Rd6 31. Qe1 Rxe6 32. Qxe6 Nf4 33. Qxb6 Bxg2+ 34. Kh2 Bf1 35. d5 Be5 36. Kg1 Bd3 37. Kf2 Nxh3+ 38. Ke3 Bf1 39. d6 Qh6+ 0-1